United States oil policy and diplomacy : (Record no. 43316)

MARC details
000 -LEADER
campo de control de longitud fija 01873pam a2200493 a 4500
001 - NÚMERO DE CONTROL
campo de control 54022
005 - FECHA Y HORA DE LA ÚLTIMA TRANSACCIÓN
campo de control 20230410115538.0
008 - DATOS DE LONGITUD FIJA--INFORMACIÓN GENERAL
campo de control de longitud fija 820526s1983 ctu b 001 0 eng
010 ## - NÚMERO DE CONTROL DE LA BIBLIOTECA DEL CONGRESO
Número de control de LC 82009379
035 ## - NÚMERO DE CONTROL DEL SISTEMA
Número de control de sistema (OCoLC)ocm08533421
040 ## - FUENTE DE CATALOGACIÓN
Centro catalogador/agencia de origen DLC
Centro/agencia transcriptor DLC
Centro/agencia modificador UKM
-- MUQ
-- BAKER
-- NLGGC
-- BTCTA
015 ## - NÚMERO DE BIBLIOGRAFÍA NACIONAL
Número de bibliografía nacional GB84-30016
019 ## -
-- 12476812
020 ## - NÚMERO INTERNACIONAL ESTÁNDAR DEL LIBRO
Número Internacional Estándar del Libro 0313231745 (lib. bdg.)
020 ## - NÚMERO INTERNACIONAL ESTÁNDAR DEL LIBRO
Número Internacional Estándar del Libro 9780313231742 (lib. bdg.)
029 1# - OTRO NÚMERO DE CONTROL DE SISTEMA (OCLC)
Identificador de la biblioteca OCLC UKM
Número de control de sistema b8430016
029 1# - OTRO NÚMERO DE CONTROL DE SISTEMA (OCLC)
Identificador de la biblioteca OCLC NLGGC
Número de control de sistema 821652559
029 1# - OTRO NÚMERO DE CONTROL DE SISTEMA (OCLC)
Identificador de la biblioteca OCLC NZ1
Número de control de sistema 2696931
035 ## - NÚMERO DE CONTROL DEL SISTEMA
Número de control de sistema (OCoLC)8533421
Número de control cancelado/no válido (OCoLC)12476812
043 ## - CÓDIGO DE ÁREA GEOGRÁFICA
Código de área geográfica n-us---
050 14 - SIGNATURA TOPOGRÁFICA DE LA BIBLIOTECA DEL CONGRESO
Número de clasificación HD9566
Número de ítem .C525u 1983
082 0# - NÚMERO DE LA CLASIFICACIÓN DECIMAL DEWEY
Número de clasificación 338.2/7282/0973
Número de edición 19
084 ## - OTRO NÚMERO DE CLASIFICACIÓN
Número de clasificación 83.42
Fuente del número bcl
084 ## - OTRO NÚMERO DE CLASIFICACIÓN
Número de clasificación 58.34
Fuente del número bcl
100 1# - ENTRADA PRINCIPAL--NOMBRE DE PERSONA
Nombre de persona Chester, Edward W.
245 10 - MENCIÓN DEL TÍTULO
Título United States oil policy and diplomacy :
Resto del título a twentieth century overview /
Mención de responsabilidad, etc. Edward W. Chester.
260 ## - PUBLICACIÓN, DISTRIBUCIÓN, ETC.
Lugar de publicación, distribución, etc. Westport, Conn. :
Nombre del editor, distribuidor, etc. Greenwood Press,
Fecha de publicación, distribución, etc. 1983.
300 ## - DESCRIPCIÓN FÍSICA
Extensión xiv, 399 p. ;
Dimensiones 25 cm.
440 #0 - MENCIÓN DE SERIE/PUNTO DE ACCESO ADICIONAL--TÍTULO
Título Contributions in economics and economic history,
Número Internacional Normalizado para Publicaciones Seriadas 0084-9235 ;
Designación de volumen o secuencia no. 52
504 ## - NOTA DE BIBLIOGRAFÍA, ETC.
Nota de bibliografía, etc. Bibliography: p. [361]-370.
500 ## - NOTA GENERAL
Nota general Includes index.
650 #0 - PUNTO DE ACCESO ADICIONAL DE MATERIA--TÉRMINO DE MATERIA
Término de materia o nombre geográfico como elemento de entrada Petroleum industry and trade
Subdivisión general Government policy
Subdivisión geográfica United States.
650 #0 - PUNTO DE ACCESO ADICIONAL DE MATERIA--TÉRMINO DE MATERIA
Término de materia o nombre geográfico como elemento de entrada Petroleum industry and trade
Subdivisión general Political aspects
Subdivisión geográfica United States.
651 #0 - PUNTO DE ACCESO ADICIONAL DE MATERIA--NOMBRE GEOGRÁFICO
Nombre geográfico United States
Subdivisión general Foreign relations
Subdivisión cronológica 20th century.
653 ## - TÉRMINO DE INDIZACIÓN--NO CONTROLADO
Término no controlado Petroleum resources
-- Foreign relations of United States
-- Policies of government, 1900-1980
650 #6 - PUNTO DE ACCESO ADICIONAL DE MATERIA--TÉRMINO DE MATERIA
Término de materia o nombre geográfico como elemento de entrada Pétrole
Subdivisión general Industrie et commerce
-- Politique gouvernementale
Subdivisión geográfica Etats-Unis.
650 #6 - PUNTO DE ACCESO ADICIONAL DE MATERIA--TÉRMINO DE MATERIA
Término de materia o nombre geográfico como elemento de entrada Pétrole
Subdivisión general Industrie et commerce
-- Aspect politique
Subdivisión geográfica Etats-Unis.
651 #6 - PUNTO DE ACCESO ADICIONAL DE MATERIA--NOMBRE GEOGRÁFICO
Nombre geográfico Etats-Unis
Subdivisión general Relations extérieures
Subdivisión cronológica 20e siáecle.
938 ## -
-- Baker & Taylor
-- BKTY
-- 62.95
-- 62.95
-- 0313231745
-- 0000764266
-- active
938 ## -
-- Baker and Taylor
-- BTCP
-- 82009379
942 ## - ELEMENTOS DE ENTRADA SECUNDARIOS (KOHA)
Fuente del sistema de clasificación o colocación Clasificación de Library of Congress
Tipo de ítem Koha
994 ## -
-- C0
-- DRFGD
946 ## - PROCESAMIENTO DE INFORMACIÓN LOCAL (OCLC)
a Lspaulino
Holdings
Estatus retirado Estado de pérdida Fuente del sistema de clasificación o colocación Estado de daño No para préstamo Colección Biblioteca de origen Biblioteca actual Ubicación en estantería Fecha de adquisición Serial enumeration / chronology Signatura topográfica completa Código de barras Visto por última vez Copia número Tipo de ítem Koha
    Clasificación de Library of Congress     Ciencias Sociales Biblioteca Juan Bosch Biblioteca Juan Bosch Ciencias Sociales (3er. Piso) 10/04/2023 3 HD9566 .C525u 1983 00000056040 24/10/2018 1